|
|
|
|
| LEADER |
00000nam a2200000 a 4500 |
| 001 |
UCX5217 |
| 003 |
CL-VaPUC |
| 008 |
921008e19800000SP |||||||||||||||||spa|d |
| 082 |
0 |
4 |
|a 301
|b SEL
|2 21
|
| 100 |
0 |
|
|a Selltiz, Claire
|e author
|9 321482
|
| 700 |
0 |
|
|a Wrightsman, Lawrence Samuel
|e author
|9 321483
|
| 700 |
0 |
|
|a Cook, Stuart W
|e author
|9 321484
|
| 245 |
1 |
0 |
|a Métodos de investigación en las relaciones sociales
|
| 250 |
|
|
|a 9a. ed
|
| 300 |
|
|
|a 826 p
|
| 942 |
|
|
|c BK
|
| 945 |
|
|
|d 19921008 00:00:00
|
| 260 |
|
|
|a Madrid
|b Rialp
|c 1980
|
| 650 |
|
0 |
|a Ciencias sociales
|9 256351
|
| 650 |
|
0 |
|a Ciencias sociales
|v Investigación
|9 307767
|
| 583 |
|
|
|a last modification
|c 20180328 10:04:47
|k Rodrigo Vera
|
| 999 |
|
|
|c 225514
|d 225512
|
| 952 |
|
|
|0 0
|1 0
|4 0
|6 301_000000000000000_SEL_1980
|7 0
|8 A
|9 223081
|a BIBGIM
|b BIBGIM
|d 2019-11-15
|i 2919370
|o 301 SEL 1980
|p 2919370
|r 2025-01-15
|w 2019-11-15
|y BK
|k SSL
|
| 952 |
|
|
|0 0
|1 0
|4 0
|6 301_000000000000000_SEL_1980
|7 0
|8 A
|9 223082
|a BIBGIM
|b BIBGIM
|d 2019-11-15
|i 2919389
|o 301 SEL 1980
|p 2919389
|r 2025-01-15
|w 2019-11-15
|y BK
|k SSL
|
| 952 |
|
|
|0 0
|1 0
|4 0
|6 301_000000000000000_SEL_1980
|7 0
|8 A
|9 223083
|a BIBGIM
|b BIBGIM
|d 2019-11-15
|i 1937979
|o 301 SEL 1980
|p 1937979
|r 2025-01-15
|w 2019-11-15
|y BK
|k SSL
|
| 952 |
|
|
|0 0
|1 0
|4 0
|6 301_000000000000000_SEL_1980
|7 0
|8 A
|9 223084
|a BIBGIM
|b BIBGIM
|d 2019-11-15
|i 1938029
|o 301 SEL 1980
|p 1938029
|r 2025-01-15
|w 2019-11-15
|y BK
|k SSL
|
| 952 |
|
|
|0 0
|1 0
|4 0
|6 301_000000000000000_SEL_1980
|7 0
|8 A
|9 223085
|a BIBGIM
|b BIBGIM
|d 2019-11-15
|i 193807K
|o 301 SEL 1980
|p 193807K
|r 2025-01-15
|w 2019-11-15
|y BK
|k SSL
|
| 952 |
|
|
|0 0
|1 0
|4 0
|6 301_000000000000000_SEL_1980
|7 0
|8 A
|9 223086
|a BIBGIM
|b BIBGIM
|d 2019-11-15
|i 1938126
|o 301 SEL 1980
|p 1938126
|r 2025-01-15
|w 2019-11-15
|y BK
|k SSL
|
| 952 |
|
|
|0 0
|1 0
|4 0
|6 301_000000000000000_SEL_1980
|7 0
|8 A
|9 223087
|a BIBGIM
|b BIBGIM
|d 2019-11-15
|i 1938177
|o 301 SEL 1980
|p 1938177
|r 2025-01-15
|w 2019-11-15
|y BK
|k SSL
|
| 952 |
|
|
|0 0
|1 0
|4 0
|6 301_000000000000000_SEL_1980
|7 0
|8 A
|9 223088
|a BIBGIM
|b BIBGIM
|d 2019-11-15
|i 1937944
|o 301 SEL 1980
|p 1937944
|r 2025-01-15
|w 2019-11-15
|y BK
|k SSL
|
| 952 |
|
|
|0 0
|1 0
|4 0
|6 301_000000000000000_SEL_1980
|7 0
|8 A
|9 223089
|a BIBMAT
|b BIBMAT
|d 2019-11-15
|i 149161K
|o 301 SEL 1980
|p 149161K
|r 2025-01-07
|w 2019-11-15
|y BK
|k MAT
|
| 952 |
|
|
|0 0
|1 0
|4 0
|6 301_000000000000000_SEL_1980
|7 0
|8 A
|9 223090
|a BIBTEO
|b BIBTEO
|d 2019-11-15
|i 2094711
|o 301 SEL 1980
|p 2094711
|r 2025-01-17
|w 2019-11-15
|y BK
|k ICR
|